000 00505nam a22001937a 4500
003 MPLRDC
005 20220104124157.0
008 210129b ||||| |||| 00| 0 eng d
020 _a7-80606-002-2
082 _a870.8 SJSD v.3
100 _a维吉尔著; 慈国敬撰文; 张帆绘画
245 _a征服者埃涅阿斯
_c
250 _a一版一刷
260 _a
_b吉林摄影出版社
_c1994
300 _b
490 _a世界十大史诗画库
650 _a
942 _cBK
_o870.8 SJSD v.3
999 _c17251
_d17241